Countries Closest to Kazakhstan - One Minute Sprint - Statistics

General Stats
  • This quiz has been taken 166 times
  • The average score is 16 of 20
Answer Stats
km country miles % Correct
0 Russia 0
100%
0 Turkmenistan 0
97%
0 Uzbekistan 0
97%
0 China 0
93%
530 Pakistan 329
91%
299 Afghanistan 186
90%
342 Iran 213
90%
0 Kyrgyzstan 0
90%
59 Tajikistan 36
90%
39 Mongolia 24
86%
227 Azerbaijan 141
85%
533 Armenia 331
82%
836 Iraq 520
82%
428 Georgia 266
81%
808 India 502
81%
666 Turkey 414
79%
476 Ukraine 276
63%
1004 Syria 624
57%
1050 Belarus 652
43%
1251 Moldova 777
21%
No matching quizzes found
Score Distribution
Percent of People with Each Score
Percentile by Number Answered
Your Score History
You have not taken this quiz